| 000 | 00923pab a2200169 454500 | ||
|---|---|---|---|
| 008 | 180718b2004 xxu||||| |||| 00| 0 eng d | ||
| 100 | _aJha, Shefali | ||
| 245 | _aRepresentation and its epiphanies: a reading of constituent assembly debates | ||
| 260 | _c2004 | ||
| 300 | _ap.4357-360. | ||
| 362 | _a25 Sep | ||
| 520 | _aThe focus in this paper is on the Constituent Assembly debates on the nature of electoral mechanisms that would ideally translate people's will into governmental decisions. What assumptions did these debates make about the meaning of representation? Members of the Constituent Assembly were concerned especially with issues of representation given the accusation that the Assembly was an unrepresentative body, elected as it was on an extremely limited franchise. - Reproduced. | ||
| 650 | _aElections - India | ||
| 650 | _aElections | ||
| 773 | _aEconomic and Political Weekly | ||
| 909 | _a62573 | ||
| 999 |
_c62573 _d62573 |
||